000 02881nam a22003617a 4500
005 20110711120455.0
010 _aENG-102966 B-461935-944
020 _a9780198075066
_c425.00
020 _a0198075065
_c425.00
035 _aEN-86499 B-461935-944
037 _bDBAD / PUB
037 _bAllied Pub/Ven
082 _a792.0954
245 _aModern Indian theatre :
_ba reader /
_cedited by Nandi Bhatia
260 _aNew Delhi
_bOxford University Press
_c2011
270 _aYMCA Library Building, Jai Singh Road,
_bNew Delhi
_e110001
300 _axxxix, 487p.
_c23cm (pbk)
500 _aIncludes bibliographical references
700 _aBhatia, Nandi
_929413
942 _2ddc
_cEN
_mMOD
_h792.0954
999 _c53704
_d53704